000
00288nam a22001337a 4500
008
181122b xxu||||| |||| 00| 0 eng d
020
_a
042799306505
041
_a
eng
080
_a
574
100
_a
9
101
_a
MJE
245
_a
Treasury of Gardening
_c
Ambler,W
942
_2
udc
_c
BK
999
_c
52337
_d
52337